| Tag |
First Indicator |
Second Indicator |
Subfields |
| LEADER |
00000cam a2200000 4500 |
| 001 |
in00000066105 |
| 005 |
20151008051246.0 |
| 008 |
761008s1949 nyu b 00000 eng |
| 010 |
|
|
|a 49008562
|
| 035 |
|
|
|a (OCoLC)02491343
|
| 035 |
|
|
|9 AAG6807AM
|
| 040 |
|
|
|a DLC
|c OHI
|d TXA
|d UtOrBLW
|
| 049 |
|
|
|a TXAM
|c [168134]
|
| 050 |
|
0 |
|a SB273
|b .R58
|
| 082 |
1 |
|
|a 338.476791371
|
| 092 |
|
|
|a 338.47679
|b R641s
|
| 100 |
1 |
|
|a Robert, Joseph C.
|
| 245 |
1 |
4 |
|a The story of tobacco in America.
|
| 250 |
|
|
|a 1st ed.
|
| 264 |
|
1 |
|a New York :
|b A. A. Knopf,
|c 1949.
|
| 300 |
|
|
|a xii, 296, xxiv pages :
|b illustrations, portraits, map. ;
|c 22 cm.
|
| 336 |
|
|
|a text
|b txt
|2 rdacontent
|
| 337 |
|
|
|a unmediated
|b n
|2 rdamedia
|
| 338 |
|
|
|a volume
|b nc
|2 rdacarrier
|
| 504 |
|
|
|a "Bibliographical notes": pages 283-296.
|
| 650 |
|
0 |
|a Tobacco
|z United States.
|
| 650 |
|
0 |
|a Tobacco industry
|z United States.
|
| 999 |
|
|
|a MARS
|
| 999 |
f |
f |
|s d121469d-6942-3485-882e-5e48c2ebfb60
|i f59be001-31ed-3cec-b9ed-7dc0f6dabebd
|t 0
|
| 952 |
f |
f |
|p ric
|a Texas A&M University
|b Rellis Campus
|c Joint Library Facility
|s JLF
|d Remote Storage
|t 0
|e SB273 .R58
|h Library of Congress classification
|i unmediated -- volume
|m A14800766946
|
| 998 |
f |
f |
|a SB273 .R58
|t 0
|l Remote Storage
|